000 00792nam a22001577a 4500
003 OSt
005 20161127102715.0
008 161127b xxu||||| |||| 00| 0 eng d
040 _cRUA
082 _aAGR HEN B541 2015 Or.1
100 _911407
_aHENG BUNHEANG; ហេង ប៊ុនហៀង
245 _aEffect of different Organic fertilizers on growth and yield celery cabbage under sandy loam condition; ឥទ្ធិពលជីសរីរាង្គប្រភេទខុសៗគ្នាទៅលើការលូតលាស់និងទិន្នផលដំណាំស្ពៃចង្កឹះក្នុងលក្ខខណ្ឌដីល្បាយខ្សាច់
260 _aPhnom Penh
_bRUA
_c2015
300 _axii; 36p;
_bill;
_c29cm;
942 _2ddc
_cAGR
999 _c10964
_d10964